| 000 | 00853nam a2200289 a 4500 | ||
|---|---|---|---|
| 008 | |||
| 020 | _a0030642337 (pbk.) | ||
| 049 | _aMAIN | ||
| 090 |
_aQH541 _bTUR |
||
| 100 | 1 | _aTurk, Jonathan. | |
| 245 | 1 | 0 |
_aIntroduction to environmental studies / _cJonathan Turk. |
| 250 | _a2nd ed. | ||
| 260 |
_aPhiladelphia : _bSaunders College Pub., _cc1985. |
||
| 300 |
_axiv, 330 p. : _bill. ; _c26 cm. |
||
| 440 | _aSaunders golden sunburst series. | ||
| 500 | _aMaps on lining papers. | ||
| 504 | _aIncludes bibliographical references. | ||
| 500 | _aIncludes index. | ||
| 650 | 0 | _aEcology. | |
| 650 | 0 |
_aPollution _xEnvironmental aspects. |
|
| 650 | _aEnvironment. | ||
| 907 |
_a.b10004403 _b23-06-08 _c17-04-03 |
||
| 003 | |||
| 005 | 20230123133114.0 | ||
| 040 | _cNUST | ||
| 942 |
_cBOOKS _kQH541 _mTUR |
||
| 999 |
_c142824 _d142824 |
||